Tiere fusioniert KI - Statistiken

Allgemein
  • Dieses Quiz wurde 3.303 mal gespielt
  • Das Durchschnittsergebnis liegt bei 13 aus 22
Antwortstatistiken
Bildquiz Antwort % Korrekt
Kuh Tiger
95%
Adler Giraffe
91%
Maus Pferd
89%
Krokkodil Schlange
85%
Löwe Zebra
85%
Gürteltier Schwein
81%
Elch Hund
77%
Esel Ratte
70%
Meerschweinchen Papagei
67%
Nashorn Oktopus
66%
Ameise Katze
62%
Erdmännchen Känguru
60%
Alpaka Leopard
59%
Biene Elefant
58%
Hyäne Schildkröte
55%
Panda Walross
51%
Krabbe Nilpferd
44%
Salamander Wolf
38%
Hase Schnabeltier
23%
Seelöwe Biber
11%
Chinchilla Lemur
8%
Eichhörnchen Frosch
8%
Keine übereinstimmenden Quizze gefunden
Verteilung der Resultate
Anzahl Personen mit jedem Resultat
Perzentil nach korrekt beantworteten Fragen
Ihre Resultats-Entwicklung
Sie haben dieses Quiz noch nicht gespielt